Logo Biblioteca

La sabiduría de las bestias / (Registro nro. 818)

Detalles MARC
000 -LEADER
fixed length control field 00617nam a22002177a 4500
003 - CONTROL NUMBER IDENTIFIER
control field AR-RoUNCS
005 - DATE AND TIME OF LATEST TRANSACTION
control field 20251209153705.0
008 - FIXED-LENGTH DATA ELEMENTS--GENERAL INFORMATION
fixed length control field 251209t2025 ag |||||r|||| 00| p spa d
020 ## - INTERNATIONAL STANDARD BOOK NUMBER
International Standard Book Number 978-987-367-51-0
040 ## - CATALOGING SOURCE
Original cataloging agency AR-RoUNCS
Transcribing agency AR-RoUNCS
080 ## - UNIVERSAL DECIMAL CLASSIFICATION NUMBER
Authority record control number or standard number 82-1(821.6)
100 1# - MAIN ENTRY--PERSONAL NAME
Personal name Campero, María Belén,
Dates associated with a name 1978-
Relator term autor
245 13 - TITLE STATEMENT
Title La sabiduría de las bestias /
Statement of responsibility, etc. Belén Campero.
250 ## - EDITION STATEMENT
Edition statement 1a ed.
260 ## - PUBLICATION, DISTRIBUTION, ETC.
Place of publication, distribution, etc. Rosario :
Name of publisher, distributor, etc. Serapis,
Date of publication, distribution, etc. 2025.
300 ## - PHYSICAL DESCRIPTION
Extent 72 p. ;
Dimensions 22 cm.
500 ## - GENERAL NOTE
General note Umbral de Beatriz Vignoli.
650 #7 - SUBJECT ADDED ENTRY--TOPICAL TERM
Source of heading or term embne
Topical term or geographic name entry element Literatura argentina
655 #7 - INDEX TERM--GENRE/FORM
Source of term embne
Genre/form data or focus term Poesías
942 ## - ADDED ENTRY ELEMENTS (KOHA)
Source of classification or shelving scheme Universal Decimal Classification
Koha item type Libro de préstamo a domicilio
Suppress in OPAC No
Existencias
Withdrawn status Lost status Source of classification or shelving scheme Damaged status Not for loan Collection Home library Current library Date acquired Source of acquisition Total checkouts Full call number Barcode Date last seen Price effective from Koha item type
    Universal Decimal Classification     Colección General Biblioteca Escuela de Ciencias Sociales Biblioteca Escuela de Ciencias Sociales 09/12/2025 Donación 2025   82-1(821.6) C195 001519 09/12/2025 09/12/2025 Libro de préstamo a domicilio
Biblioteca de la Escuela Preuniversitaria en Ciencias Sociales y Humanísticas.
Riobamba 250 bis.
CP 2000 - Rosario - Santa Fe
E-Mail: biblioteca@esociales.unr.edu.ar